Pareja, sexualidad y familia en los años sesenta: una revolución discreta en Buenos Aires

সংরক্ষণ করুন:
গ্রন্থ-পঞ্জীর বিবরন
প্রধান লেখক: Cosse, Isabella (Author)
বিন্যাস: গ্রন্থ
ভাষা:স্প্যানিশ
প্রকাশিত: Buenos Aires Siglo Veintiuno 2010
সংস্করন:1a. ed
মালা:Historia y Cultura, 45
বিষয়গুলি:
ট্যাগগুলো: ট্যাগ যুক্ত করুন
কোনো ট্যাগ নেই, প্রথমজন হিসাবে ট্যাগ করুন!

MARC

LEADER 00000nam a2200000 a 4500
001 UCG6790
003 CL-VaPUC
008 110520e20100000AG |||||||||||||||||spa|d
020 |a 9789876291378 
082 0 4 |a 982.063  |b COS  |2 21 
100 0 |a Cosse, Isabella  |e author  |9 557166 
245 1 0 |a Pareja, sexualidad y familia en los años sesenta: una revolución discreta en Buenos Aires 
250 |a 1a. ed 
300 |a 257 p 
942 |c BK 
945 |d 20110520 00:00:00  |a jcampos 
260 |a Buenos Aires  |b Siglo Veintiuno  |c 2010 
650 7 |a HISTORIA DE ARGENTINA SIGLO 20  |2 CL-VaPUC  |9 332202 
650 0 |a Familias   |9 255641 
650 0 |a Sexualidad  |9 358183 
650 0 |a Cambio cultural  |9 338163 
651 7 |a BUENOS AIRES  |2 CL-VaPUC  |9 255286 
651 0 |a Argentina  |9 254888 
583 |a last modification  |c 20160830 01:50:07  |k Rodrigo Vera 
490 0 |a Historia y Cultura, 45 
999 |c 344922  |d 344920 
952 |0 0  |1 0  |4 0  |6 982_063000000000000_COS_2010  |7 0  |8 A  |9 443278  |a BIBHIS  |b BIBHIS  |d 2019-11-22  |i 4777816  |o 982.063 COS 2010  |p 4777816  |r 2025-01-20  |w 2019-11-22  |y BK  |k HIS